Top 10 Città più popolose Città Metropolitana di Messina - Statistics

Statistiche generali
  • Questo quiz è stato fatto 27 volte
  • Il punteggio medio è 6 su 10
Statistiche sulle risposte
Popolazione (ab.) Città % Corretto
243 262 Messina
100%
32 146 Milazzo
96%
11 084 Taormina
88%
41 632 Barcellona Pozzo di Gotto
80%
9 268 Giardini-Naxos
68%
13 325 Patti
52%
13 260 Capo d'Orlando
36%
11 642 Lipari
36%
12 803 Sant'Agata di Militello
36%
9 240 Santa Teresa di Riva
28%
Nessun quiz corrispondente trovato
Distribuzione punteggi
Percentuale di utenti per punteggio
Percentile per numero di risposta
I tuoi punteggi nel tempo
Non hai fatto questo quiz